| 000 | 01236cam a2200133 4500500 | ||
|---|---|---|---|
| 005 | 20260405085520.0 | ||
| 041 | _afre | ||
| 042 | _adc | ||
| 100 | 1 | 0 |
_aChenet, François _eauthor |
| 245 | 0 | 0 | _aLa philosophie indienne : La contribution d’un continent à la vie de l’esprit |
| 260 |
_bArmand Colin,
_c2019. |
||
| 520 | _aNombre de philosophes occidentaux ont pensé qu’il n’y avait pas, à proprement parler, de philosophie en Inde — seulement des religions, des systèmes de mythes et de rites fondés sur la croyance ; ou bien des sagesses pratiques visant sinon le bonheur, du moins l’évitement de la souffrance.Or l’Inde a su faire droit aux exigences de la pensée rationnelle. Elle s’est bel et bien élevée au logos, et il y a bien de la « philosophie » dans l’Inde — même s’il est vrai que l’Inde pense le projet philosophique de liberté en termes de « délivrance ».Cette initiation concise aux écoles, courants et œuvres majeures de la philosophie indienne en souligne l’originalité. Elle propose une évaluation de ses contributions à la philosophie universelle. | ||
| 856 | 4 | 1 | _uhttps://shs.cairn.info/la-philosophie-indienne--9782200627034?lang=fr&redirect-ssocas=7080 |
| 999 |
_c2198206 _d2198206 |
||